[Event "BUL-ch U20"]
[Site "Shabla"]
[Date "2011.03.14"]
[Round "3.2"]
[White "Dimov, Venimir"]
[Black "Georgiev, Todor"]
[Result "1-0"]
[WhiteElo "2043"]
[BlackElo "1731"]
[PlyCount "73"]
[EventDate "2011.03.12"]
[EventType "tourn"]
[EventRounds "7"]
[EventCountry "BUL"]
[SourceTitle "CBM 141 Extra"]
[Source "ChessBase"]
[SourceDate "2011.05.03"]
[SourceVersion "1"]
[SourceVersionDate "2011.05.03"]
[SourceQuality "1"]

1. e4 e5 2. Bc4 Nf6 3. d4 exd4 4. Nf3 Nc6 5. 0-0 Nxe4 6. Re1 d5 7. Bxd5 Qxd5 8. Nc3 Qa5 9. Nxe4 Be6 10. Bg5 Qd5 11. Qd2 Bd6 12. Rad1 0-0 13. Nxd4 Qxd4 14. Qxd4 Nxd4 15. Rxd4 Be5 16. Rb4 a5 17. Rxb7 Rfb8 18. Rxb8+ Rxb8 19. b3 a4 20. Nc5 axb3 21. cxb3 Bc3 22. Rc1 Ba5 23. Nxe6 fxe6 24. Kf1 Kf7 25. Ke2 e5 26. Bd2 Bb6 27. Be3 Ba5 28. Rc5 Ra8 29. Rc4 Rb8 30. Ra4 Bb4 31. Kd3 Ke6 32. Kc4 Bd6 33. b4 h5 34. b5 Kd7 35. Ra6 Rg8 36. a4 g5 37. a5 1-0

[Event "BUL-ch U20"]
[Site "Sofia"]
[Date "2010.03.14"]
[Round "9"]
[White "Ninov, Dayan"]
[Black "Dimov, Venimir"]
[Result "1/2-1/2"]
[WhiteElo "2012"]
[BlackElo "2058"]
[PlyCount "110"]
[EventDate "2010.03.08"]
[EventType "tourn"]
[EventRounds "9"]
[EventCountry "BUL"]
[SourceTitle "CBM 135 Extra"]
[Source "ChessBase"]
[SourceDate "2010.05.04"]
[SourceVersion "1"]
[SourceVersionDate "2010.05.04"]
[SourceQuality "1"]

1. e4 c5 2. Nc3 d6 3. Nge2 g6 4. g3 Bg7 5. Bg2 Nc6 6. 0-0 e6 7. d3 Nge7 8. Be3 Nd4 9. Qd2 0-0 10. Nd1 Rb8 11. c3 Nxe2+ 12. Qxe2 b5 13. d4 Qc7 14. b4 cxb4 15. cxb4 a5 16. Rc1 Qd8 17. a3 Bd7 18. f4 f5 19. e5 Nd5 20. Bxd5 exd5 21. Nc3 Bc6 22. Qg2 axb4 23. axb4 Qd7 24. Nxd5 Kh8 25. Nf6 Bxg2 26. Nxd7 Bxf1 27. Kxf1 dxe5 28. fxe5 Rbd8 29. Nxf8 Bxf8 30. Rb1 Kg7 31. Ke2 Kf7 32. Kd3 Ke6 33. Ra1 Kd5 34. Ra5 Kc6 35. Ra6+ Kb7 36. Ra2 Kc6 37. Bd2 Bg7 38. Rc2+ Kb6 39. Rc5 Bf8 40. Rc1 Be7 41. g4 Ra8 42. gxf5 gxf5 43. d5 Ra3+ 44. Ke2 Rh3 45. d6 Rxh2+ 46. Ke3 Rxd2 47. Kxd2 Bg5+ 48. Kc2 Bxc1 49. e6 Kc6 50. e7 Kd7 51. Kxc1 h5 52. Kd2 f4 53. Ke2 h4 54. Kf2 Ke8 55. Kg2 Kd7 1/2-1/2

[Event "BUL-ch U20"]
[Site "Sofia"]
[Date "2010.03.09"]
[Round "2"]
[White "Dimov, Venimir"]
[Black "Dimitrov, Radoslav"]
[Result "0-1"]
[WhiteElo "2058"]
[BlackElo "2386"]
[PlyCount "56"]
[EventDate "2010.03.08"]
[EventType "tourn"]
[EventRounds "9"]
[EventCountry "BUL"]
[SourceTitle "CBM 135 Extra"]
[Source "ChessBase"]
[SourceDate "2010.05.04"]
[SourceVersion "1"]
[SourceVersionDate "2010.05.04"]
[SourceQuality "1"]

1. e4 c6 2. d4 d5 3. Nd2 dxe4 4. Nxe4 Nd7 5. Bc4 Ngf6 6. Ng5 e6 7. Qe2 Nb6 8. Bb3 h6 9. N5f3 Nbd5 10. Bd2 a5 11. a4 Qb6 12. 0-0-0 Bd6 13. Be1 Qc7 14. g3 b5 15. Ne5 0-0 16. Nd3 bxa4 17. Bxa4 Ba6 18. Nf3 Nb4 19. Bxb4 axb4 20. Bb3 Nd5 21. Kd2 c5 22. dxc5 Bxc5 23. Ra1 Nf6 24. Nfe5 Bd4 25. Nxf7 Bc3+ 26. bxc3 bxc3+ 27. Ke3 Qb6+ 28. Kf4 Qd4+ 0-1

[Event "BUL-ch U20"]
[Site "Sofia"]
[Date "2010.03.08"]
[Round "1"]
[White "Janev, Pavel"]
[Black "Dimov, Venimir"]
[Result "1-0"]
[WhiteElo "2033"]
[BlackElo "2058"]
[PlyCount "79"]
[EventDate "2010.03.08"]
[EventType "tourn"]
[EventRounds "9"]
[EventCountry "BUL"]
[SourceTitle "CBM 135 Extra"]
[Source "ChessBase"]
[SourceDate "2010.05.04"]
[SourceVersion "1"]
[SourceVersionDate "2010.05.04"]
[SourceQuality "1"]

1. e4 c5 2. Nf3 d6 3. d4 cxd4 4. Nxd4 Nf6 5. Nc3 a6 6. Be3 e6 7. Qd2 Be7 8. f3 Qc7 9. 0-0-0 b5 10. Bxb5+ axb5 11. Ndxb5 Qa5 12. b4 Qxb4 13. Nc7+ Kf8 14. Nxa8 Qa3+ 15. Kb1 Qxa8 16. Ka1 Ba6 17. Rb1 Bc4 18. Qd4 d5 19. exd5 exd5 20. Rhe1 Nc6 21. Qb6 Nd7 22. Qb7 Qxb7 23. Rxb7 d4 24. Rxd7 dxe3 25. Rc7 Bf6 26. Rxe3 Be6 27. Rxc6 Ke7 28. Kb2 Rb8+ 29. Kc1 Bg5 30. f4 Bh6 31. g3 Kd7 32. Ra6 g6 33. Rd3+ Kc7 34. Nd5+ Kc8 35. Rb6 Ra8 36. Rc3+ Kd7 37. Rc7+ Kd8 38. Rxe6 fxe6 39. Rxh7 Bf8 40. Rh8 1-0

[Event "Albena op"]
[Site "Albena"]
[Date "2009.06.26"]
[Round "7"]
[White "Dimov, Venimir"]
[Black "Berezovics, Alexander"]
[Result "1/2-1/2"]
[WhiteElo "2013"]
[BlackElo "2245"]
[PlyCount "109"]
[EventDate "2009.06.20"]
[EventType "swiss"]
[EventRounds "9"]
[EventCountry "BUL"]
[SourceTitle "CBM 130 Extra"]
[Source "ChessBase"]
[SourceDate "2009.07.02"]
[SourceVersion "2"]
[SourceVersionDate "2009.07.15"]
[SourceQuality "1"]

1. e4 d6 2. Nf3 g6 3. d4 Bg7 4. Nc3 Nf6 5. Be2 0-0 6. 0-0 c6 7. a4 a5 8. h3 Qc7 9. Be3 e5 10. dxe5 dxe5 11. Nd2 Rd8 12. Qc1 Be6 13. Nc4 Nbd7 14. b3 Bf8 15. f4 Bb4 16. Na2 Nxe4 17. Nxb4 Nc3 18. Re1 Nxe2+ 19. Rxe2 Bxc4 20. bxc4 axb4 21. fxe5 Qxe5 22. Qe1 c5 23. Bf2 Qc3 24. Qf1 Re8 25. Rd1 Ne5 26. Bxc5 Qxc4 27. Be3 Re6 28. Rd4 Qc3 29. Re4 Rae8 30. Bd4 Qg3 31. Rxe5 Rxe5 32. Qf6 R8e6 33. Qd8+ Kg7 34. Qd5 f6 35. Bxe5 Rxe5 36. Qxb7+ Kh6 37. Rxe5 fxe5 38. Qxb4 Qe3+ 39. Kh2 e4 40. Qf8+ Kg5 41. Qe7+ Kh6 42. Qh4+ Kg7 43. a5 Qd4 44. Qe7+ Kh6 45. a6 e3 46. Kg3 g5 47. Qe6+ Kg7 48. Qe7+ Kg6 49. Qe6+ Kg7 50. Kf3 Qf4+ 51. Ke2 Qf2+ 52. Kd3 Qd2+ 53. Ke4 e2 54. Qe7+ Kg6 55. Qe6+ 1/2-1/2